| 000 | 00976nam0a2200277 4500 | ||
|---|---|---|---|
| 001 | RU\NLR\bibl\126588 | ||
| 005 | 20250617103218.0 | ||
| 035 | _a(NLR Aleph) 000124006 | ||
| 090 |
_a706864 _c706864 |
||
| 100 | _a20010105d2000 |||y0rusy50 ca | ||
| 101 | 0 | _arus | |
| 102 | _aRU | ||
| 105 | _aa ||||||||| | ||
| 200 | 1 |
_aПамяти Лидии Шерих _eВспоминают друзья, знакомые, близкие _f[Подгот. Ю.Б. и Д.Ю. Шерих] |
|
| 210 |
_aСПб. _cБ.и. _d2000 |
||
| 215 |
_a23,[1] с. _cил. _d16 |
||
| 600 | 1 |
_aШерих _bЛ.И. _f1940 - 1993 _gЛидия Ивановна _92190430 _3RU\NLR\auth\661316760 |
|
| 600 | 1 |
_aШерих _bЛ. И. _f1940-1993 _gЛидия Ивановна _2psbo |
|
| 686 | _aЧ515.813(2)7-8Шерих | ||
| 702 | 1 |
_aШерих _bЮ. Б. _gЮрий Б _4220 |
|
| 801 | 0 |
_aRU _bNLR _c20010105 _gPSBO |
|
| 801 | 1 |
_aRU _bNLR _c20010105 |
|
| 852 |
_aNLR _j2000-2/2865 |
||
| 942 | _cBOOK | ||
| 980 | _aNB | ||